[Event "LSS RM-2009-0-00042"]
[Site "LSS email"]
[Date "2010.01.01"]
[Round "?"]
[White "Galvn, Jess"]
[Black "Podgursky, Artur"]
[Result "1/2-1/2"]
[WhiteElo "2230"]
[BlackElo "2228"]
[PlyCount "56"]
[EventDate "2009.10.24"]
[EventType "tourn (corr)"]
[EventRounds "6"]
[EventCountry "GER"]
[SourceTitle "Telechess CBM 137"]
[Source "ChessBase"]
[SourceDate "2010.07.15"]
[SourceVersion "1"]
[SourceVersionDate "2010.07.15"]
[SourceQuality "1"]

1. d4 Nf6 2. c4 g6 3. Nc3 d5 4. cxd5 Nxd5 5. e4 Nxc3 6. bxc3 Bg7 7. Bc4 0-0 8. Ne2 c5 9. 0-0 Nc6 10. Be3 Bg4 11. f3 Na5 12. Bd3 cxd4 13. cxd4 Be6 14. d5 Bxa1 15. Qxa1 f6 16. Qd4 Bf7 17. Bh6 Re8 18. Bb5 e5 19. Qf2 Re7 20. f4 exf4 21. Qxf4 Qb6+ 22. Kh1 Bxd5 23. exd5 Qxb5 24. Qxf6 Qe8 25. Qd4 Rf7 26. Rxf7 Qxf7 27. Bd2 Nc4 28. Bc3 Kf8 1/2-1/2